على إمام المتقين / (Record no. 14138)
[ view plain ]
| 000 -الفاتح | |
|---|---|
| حقل البيانات ثابتة الطول | 01011cam a22002775a 4500 |
| 003 - محدد رقم الضبط | |
| رقم الضبط | OSt |
| 005 - وقت وتاريخ اخر تعامل مع التسجيلة | |
| رقم الضبط | 20150820133227.0 |
| 008 - عناصر البيانات ثابتة الطول - معلومات عامة | |
| حقل البيانات ثابتة الطول | 100621s1985 ua ||||frb||| 000 0 ara d |
| 020 ## - الرقم الدولى المعيارى للكتب | |
| الرقم الدولى المعيارى للكتاب | 9771720805 |
| 040 ## - مصدر الفهرسة | |
| وكالة الفهرسة الأصلية | EG-ScBUE |
| لغة الفهرسة | ara |
| وكالة النسخ | EG-ScBUE |
| 082 04 - رقم تصنيف ديوى العشرى | |
| رقم التصنيف | 297.648 |
| رقم المادة | ش ر ق |
| رقم الطبعة | 22 |
| 100 1# - المدخل الرئيسى - إسم شخصى | |
| الإسم الشخصى | الشرقاوى ، عبد الرحمن |
| 9 (RLIN) | 14959 |
| 245 10 - بيان العنوان | |
| العنوان | على إمام المتقين / |
| بيان المسئوليه,etc | عبد الرحمن الشرقاوى . |
| 260 ## - PUBLICATION, DISTRIBUTION, ETC. (IMPRINT) | |
| مكان الناشر او الموزع | القاهرة: |
| اسم الناشر او الموزع | مكتبة غريب ، |
| تاريخ النشر أو التوزيع | [1985]. |
| 300 ## - الوصف المادى | |
| التعداد | ؛2 ج |
| أبعاد الوعاء | 24سم. |
| 500 ## - تبصرة عامة | |
| تبصرة عامة | إهداء من الدكتورعلاء عبد الغنى |
| 504 ## - تبصرة ببليوجرافية | |
| تبصرة ببليوجرافية,الخ | يحتوى على إرجاعات ببليوجرافية . |
| 541 ## - تبصرة المصدر المباشر للتزويد | |
| مصدر التزويد | ؛علاء عبد الغنى |
| طريقة التزويد | إهداء ؛ |
| 590 ## - تبصرة محلية(RLIN) | |
| تبصرة محلية | doaa mohamed |
| 600 ## - المدخل الاضافى بالموضوع-اسم شخصى | |
| 9 (RLIN) | 14963 |
| الإسم الشخصى | على بن أبى طالب |
| عنوان العمل | خليفة |
| 650 ## - المدخل الاضافى بالموضوع-مصطلح موضوعى | |
| 9 (RLIN) | 14960 |
| مصطلح موضوعي أو اسم جغرافي كعنصر مدخل | الصحابة والتابعون |
| مصدر الرأس أو المصطلح | BUEsh |
| 650 ## - المدخل الاضافى بالموضوع-مصطلح موضوعى | |
| 9 (RLIN) | 14962 |
| مصطلح موضوعي أو اسم جغرافي كعنصر مدخل | العلويين |
| مصدر الرأس أو المصطلح | BUEsh |
| 651 ## - المدخل الاضافى بالموضوع - اسم جغرافى | |
| مصدر الرأس أو المصطلح | BUEsh |
| 653 ## - مصطلح تكشيفى غير مقيد | |
| Resource For college | Arabic Literature |
| Arrived date list | August2015 |
| 942 ## - عناصر المدخل الإضافي( كوها) | |
| مصدر التصنيف او مخطط الترفيف | Dewey Decimal Classification |
| Koha [default] item type | Book - Borrowing |
| حالة التراجع | حالة الفقد | مصدر التصنيف او خطة الترفيف | حالة تلف | ليس للاعارة | المكان الدائم | المكان الحالي | موقع الترفيف | تاريخ الاكتساب | Source of acquisition | رقم الاستدعاء | الباركود | Date last seen | نوع الوعاء | تحديد مواد ( مجلدات مجمعه أو جزء أخر) | مُعار |
|---|---|---|---|---|---|---|---|---|---|---|---|---|---|---|---|
| Dewey Decimal Classification | Central Library | Central Library | Lower Floor | 21/06/2010 | Purchase | 297.648 ش ر ق | 000021030 | 15/07/2025 | Book - Borrowing | ||||||
| Dewey Decimal Classification | Damaged | Central Library | Central Library | Lower Floor | 22/06/2010 | Donation | 297.648 ش ر ق | 000021025 | 16/01/2014 | Book - Borrowing | BOX05 | 12/11/2013 |